00282nam a2200109Ia 450000500170000000800410001710000250005824500430008326000220012630000110014865000130015920260328104335.0260328s9999||||xx |||||||||||||| ||und|| aVillegas, Benjamín 0aCasa Colombiana /cBenjamín Villegas bVillegas Editores a181 p. aCOLOMBIA